000 00861nam a2200277 a 4500
001 84984
003 BD-RjUL
005 20250527112417.0
008 250527s1967 nyu||||| |||| 00| 0 eng d
035 _a(BD-RjUL)84984
040 _aBD-RjUL
_beng
_cBD-RjUL
041 _aeng
082 _223
_a824.7
_bROD 1967
100 _aRobinson, Henry Crabb,
_915662
245 _aDiary, reminiscences, and correspondence of Henry Crabb Robinson /
_cHenry Crabb Robinson; Selected and edited by Thomas Sadler.
250 _a3rd ed.
260 _aNew York :
_bAMS Press Inc.,
_c1967
300 _av.;
_c21 cm.
500 _aIncludes index.
505 0 1 _av. 1-- v.2--
650 _aAuthors Correspondence
_915663
650 _aPrivate correspondence
_915664
650 _aDiaries
_915665
700 _aSadler, Thomas (Editor)
_915666
942 _2ddc
_cBK
999 _c84984
_d84984